La formación de un país /

Guardado en:
Autor Corporativo: Canal Encuentro.
Formato: Deslizar
Materias:
Etiquetas: Agregar Etiqueta
Sin Etiquetas, Sea el primero en etiquetar este registro!
LEADER 01122ngm a22003135g 4500
001 CEM.cems022921
008 130507b2009##################0###0#####d
005 20241126174337.0
245 1 0 |a La formación de un país /  |c Canal Encuentro. 
300 |a 26'. 
500 |a En soporte VHS, consultar en ventanilla. 
505 0 |a Orígenes de la Argentina. Virreinato del Río de la Plata. Revolución de Mayo. Luchas de la independencia. Los caudillos. Unitarios y federales. La Banda Oriental. Rosas y la Confederación. Caseros. Triple Alianza. 
538 |a Soporte: VHS - Norma: Pal N - Color: Si - Grabación DRD 2009 - Hitachi=4835 
110 2 |a Canal Encuentro. 
082 9 8 |/ DIC 
653 |a HISTORIA ARGENTINA 
653 |a POLITICA 
653 |a REPUBLICA ARGENTINA 
653 |a VIRREYNATO 
653 |a REVOLUCION DE MAYO 
653 |a INDEPENDENCIA 
653 |a CAUDILLOS 
653 |a UNITARIOS 
653 |a FEDERALES 
653 |a ROSAS 
653 |a CASEROS 
653 |a NIVEL PRIMARIO 
653 |a NIVEL SECUNDARIO 
859 |a CEMS  |b BIB. CEMS - Depto. Recursos Didacticos  |h 982  |i DIC  |k DRD  |p 1564.12  |t Ej.1